• 首页
  • 本馆介绍
  • 公告通知
  • 最新文献
  • 馆藏检索
  • 电子资源
  • 读者导购
  • 参考咨询
  • 我的图书馆
  • 登录
  • 详细信息显示
  • 放入我的书架
  • 预约/预借图书
  • 作者相关作品
  • 分类相关作品
  • 丛书相关作品
  • 出版社相关作品

书目信息

  • 表格格式
  • 工作单格式
  • 卡片格式
题名:
素质教育在美国
    
 
作者: 黄全愈 著
分册: 7   放开孩子的手
出版信息: 武汉   长江文艺出版社  2017
页数: 17,285页
开本: 23cm
丛书名: 大教育书系
单 册:
中图分类: G571.2 , G40-012
科图分类:
主题词: 教育研究--美国 , 教育学
电子资源:
ISBN: 978-7-5354-9636-2
000 01267oam2 2200289 450
001 5696
005 20180530160627.20
010    @a978-7-5354-9636-2@dCNY36.00
100    @a20170802d2017 em y0chiy50 ea
101 0  @achi
102    @aCN@b420000
105    @ay z 000yy
200 1  @a素质教育在美国@Asu zhi jiao yu zai mei guo@9fang kai hai zi de shou@h7@i放开孩子的手@f(美)黄全愈著
210    @a武汉@c长江文艺出版社@d2017
215    @a17,285页@d23cm
225 1  @a大教育书系@i素质教育在美国@v7
330    @a如何从小培养孩子的生存能力?怎样让孩子学会生存之道?作者通过长期观察,深入研究美国家庭和学校的生存教育,用生动活泼、诙谐幽默的语言,把研究结果和许多真实的案例呈现在读者面前。作者把生存教育分为以下几个方面:培养孩子的社交能力、培养孩子的创造能力、培养孩子的心理承受能力、培养孩子的法制观念、教会孩子理财、对孩子进行青春期性教育等。作者向读者展示了非常清晰的生存教育的内涵和实施方向,并且提出了具体的措施和建议。
461  0 @12001 @a大教育书系
462  0 @12001 @a素质教育在美国
517 1  @a放开孩子的手@Afang kai hai zi de shou
606 0  @a教育研究@y美国
606 0  @a教育学
690    @aG571.2@v5
690    @aG40-012@v4
701  0 @c(美)@a黄全愈@9huang quan yu@4著
801  0 @aCN@b91MARC@c20170802
905    @aMuseLib@dG40-012@e847:7
    
    素质教育在美国.7.放开孩子的手/(美)黄全愈著.-武汉:长江文艺出版社,2017
    17,285页;23cm.-(大教育书系.素质教育在美国;7)
    
    
    ISBN 978-7-5354-9636-2:CNY36.00
    如何从小培养孩子的生存能力?怎样让孩子学会生存之道?作者通过长期观察,深入研究美国家庭和学校的生存教育,用生动活泼、诙谐幽默的语言,把研究结果和许多真实的案例呈现在读者面前。作者把生存教育分为以下几个方面:培养孩子的社交能力、培养孩子的创造能力、培养孩子的心理承受能力、培养孩子的法制观念、教会孩子理财、对孩子进行青春期性教育等。作者向读者展示了非常清晰的生存教育的内涵和实施方向,并且提出了具体的措施和建议。
●
相关链接 在E读中查询图书 在五车中查询图书 在当当中查询图书 在豆瓣中查询图书


正题名:素质教育在美国     索取号:G40-012/847:7         预约/预借

序号 登录号 条形码 馆藏地/架位号 状态 备注
1 1114414   211144144   第一样本阅览室/ [索取号:G40-012/847:7] 在馆    
2 1114415   211144153   教育系资料室/ [索取号:G40-012/847:7] 在馆    
3 1114416   211144162   教育系资料室/ [索取号:G40-012/847:7] 在馆    
4 1114417   211144171   教育系资料室/ [索取号:G40-012/847:7] 在馆    
5 1114418   211144180   第四借阅区/ [索取号:G40-012/847:7] 在馆    
6 1114419   211144199   第四借阅区/ [索取号:G40-012/847:7] 在馆    
唐山师范学院图书馆 欢迎您!
大连网信软件有限公司© 版权所有